01165nam a2200193Ia 4500001001100000003001000011008004100021040002500062041001300087100002800100245009900128250001100227260004900238300001200287500026000299501011400559520026000673650003800933L932-43019IT-CnALBA170116s9999||||xx |||||||||||||| ||und|| aIT-CnALBAcIT-CnALBA aITALIANO aSISMONDI J.C.L. SIMONDO 0aSTORIA DELLE REPUBBLICHE ITALIANE DEI SECOLI DI MEZZO. TOMO II. ANNI 1110-1233. CAP. VII. XV.  a1a ed. aFOGGIAbITALIA EDITRICEc1817 [1° Ed.:1817] a544 p.  aTRADUZIONE DAL FRANCESE. TAVOLA CRONOLOGICA. MILANO. LOTARIO III. CORRADO II. RIVOLUZIONE A ROMA. GUERRA TRA FEDERICO BARBAROSSA E I COMUNI. PRESA DI MILANO. LEGA LOMBARDA. VITTORIA DI ALESSANDRIA E LEGNANO. PACE DI COSTANZA. ENRICO VI IMPERATORE E RE DEL aSocietà San Paolo EM - Piazza San Paolo, 14 - 12051 ALBA (CN) (non commercial uses only) ® Copyright 2017 aTRADUZIONE DAL FRANCESE. TAVOLA CRONOLOGICA. MILANO. LOTARIO III. CORRADO II. RIVOLUZIONE A ROMA. GUERRA TRA FEDERICO BARBAROSSA E I COMUNI. PRESA DI MILANO. LEGA LOMBARDA. VITTORIA DI ALESSANDRIA E LEGNANO. PACE DI COSTANZA. ENRICO VI IMPERATORE E RE DEL aSTORIA GENERALE DI STATI ITALIANI